World Expo

Detalles Bibliográficos
Formato: Electrónico Seriadas
Lenguaje:inglés
Publicado: Manassas, VA : Medauras Global LLC
Materias:
Acceso en línea:Full text available from Research Library: 05/01/2010 to 05/31/2010

MARC

LEADER 00000nas a22000008a 4500
001 ssj0001055406
003 WaSeSS
005 20200512172242.0
006 m d
007 cr n
008 100922c20109999vauar ss | 0eng
010 |a  2010208048 
022 |a 2157-3786  |y 2157-3778 
035 |a (WaSeSS)ssj0001055406 
037 |b Medauras Global LLC, 1660 L St. NW, Ste. 510, Washington, DC 20036 
040 |a DLC  |b eng  |c DLC  |d OCLCQ  |d NZAUC  |d OCLCO  |d OCLCF  |d OCLCO  |d OCLCQ  |d WaSeSS 
042 |a msc 
130 0 |a World Expo (Online) 
245 1 0 |a World Expo  |h [electronic resource]. 
260 |a Manassas, VA :  |b Medauras Global LLC 
263 |a 092010 
310 |a Annual 
506 |a License restrictions may limit access. 
650 0 |a Economics  |v Periodicals. 
650 7 |a Economics.  |2 fast  |0 (OCoLC)fst00902116 
655 0 |a Electronic journals. 
776 0 8 |i Print version:  |t World Expo  |x 2157-3778  |w (DLC) 2010208049  |w (OCoLC)664830955 
856 4 0 |z Full text available from Research Library: 05/01/2010 to 05/31/2010  |u https://search.proquest.com/publication/1056384